| 000 | 00721nam a2200229Ia 4500 | ||
|---|---|---|---|
| 003 | GCL | ||
| 008 | 140319s9999 xx 000 0 ara d | ||
| 040 |
_aGCL / _cGCL |
||
| 082 | 0 | 4 |
_a709.1 _bث ت |
| 100 | 1 | _aثروت عكاشة | |
| 245 | 1 | 0 |
_aالتصوير المغولى الاسلامى فى الهند / _cثروت عكاشة |
| 300 | _a176 ص | ||
| 490 |
_aتاربخ الفن: العين تسمع والاذن ترى _v0 |
||
| 650 | 0 | 4 | _aالاسلام فى الهند |
| 650 | 0 | 4 | _aالاثار الاسلامية |
| 650 | 0 | 4 | _aالهند |
| 650 | 0 | 4 | _aالتصوير |
| 650 | 0 | 4 | _aالمغول |
| 650 | 0 | 4 | _aمحمد بابر (1526 - 1530م) |
| 650 | 0 | 4 | _aالفن الاسلامى |
| 942 |
_2ddc _cBK |
||
| 999 |
_c37688 _d37688 |
||